O notte gloriosa (Record n. 99030)
[ formato base ]
| 000 -LEADER | |
|---|---|
| fixed length control field | 01416njm a2200313Ia 4500 |
| 001 - CONTROL NUMBER | |
| control field | D2708 |
| 003 - CONTROL NUMBER IDENTIFIER | |
| control field | IT-RoPAU |
| 005 - DATE AND TIME OF LATEST TRANSACTION | |
| control field | 20220918181111.0 |
| 008 - FIXED-LENGTH DATA ELEMENTS--GENERAL INFORMATION | |
| fixed length control field | 131025s9999 xx 000 0 und d |
| 040 ## - CATALOGING SOURCE | |
| Original cataloging agency | IT-RoPAU |
| 040 ## - CATALOGING SOURCE | |
| Transcribing agency | IT-RoPAU |
| 041 ## - LANGUAGE CODE | |
| Language code of text/sound track or separate title | ITALIANO |
| 999 ## - SYSTEM CONTROL NUMBERS (KOHA) | |
| Koha Dewey Subclass [OBSOLETE] | n.d. |
| 100 ## - MAIN ENTRY--PERSONAL NAME | |
| Personal name | Parisi Antonio |
| 9 (RLIN) | 28903 |
| 100 ## - MAIN ENTRY--PERSONAL NAME | |
| Relator term | Autore musica |
| 9 (RLIN) | 30778 |
| 100 ## - MAIN ENTRY--PERSONAL NAME | |
| Miscellaneous information | Codice autore musica SPICS: 35389 |
| 9 (RLIN) | 28905 |
| 245 ## - TITLE STATEMENT | |
| Title | O notte gloriosa |
| 250 ## - EDITION STATEMENT | |
| Edition statement | 1a ed. |
| 260 ## - PUBLICATION, DISTRIBUTION, ETC. (IMPRINT) | |
| Place of publication, distribution, etc. | ROMA |
| 260 ## - PUBLICATION, DISTRIBUTION, ETC. (IMPRINT) | |
| Name of publisher, distributor, etc. | EP - MUSICALI E DISCOGRAFICHE |
| Date of publication, distribution, etc. | 1995 [1a Ed.:1995 - Ed. Lingua Orig.: 1995] |
| 300 ## - PHYSICAL DESCRIPTION | |
| Extent | MUSICASSETTA |
| 300 ## - PHYSICAL DESCRIPTION | |
| Dimensions | 40 minuti (Testo: pag.) |
| 500 ## - GENERAL NOTE | |
| General note | Musica religiosa, liturgica. Canti per la veglia pasquale. |
| 505 ## - FORMATTED CONTENTS NOTE | |
| Formatted contents note | Il fuoco della Pasqua - Amen - Cristo luce di Dio - Tuo è il regno - Annuncio pasquale - Agnello di Dio - Manda il tuo Spirito - Cristo nostra Pasqua - Proteggimi o Dio - Questo è il giorno - Cantiamo al Signore - Ti esalto Signore - Attingeremo con gioia - Signore tu hai parole - Ha sete di te Signore - Gloria a Dio - Alleluja celebrate il Signore - Litanie dei santi - Credo - Ecco l'acqua - Santo il Signore - Annunciamo. |
| 650 ## - SUBJECT ADDED ENTRY--TOPICAL TERM | |
| Topical term or geographic name as entry element | LITURGICO [CASSETTE] |
| Relator term | Codice MATERIA SPICS: 9951 |
| 9 (RLIN) | 5632 |
| 700 ## - ADDED ENTRY--PERSONAL NAME | |
| Personal name | Galliano Annamaria |
| Relator term | Autore |
| Miscellaneous information | Codice autore SPICS: 5671 |
| 9 (RLIN) | 30779 |
| 700 ## - ADDED ENTRY--PERSONAL NAME | |
| Personal name | Parisi Antonio |
| Miscellaneous information | Codice interprete SPICS: 35389 |
| Relator term | Interprete |
| 9 (RLIN) | 30780 |
| 942 ## - ADDED ENTRY ELEMENTS (KOHA) | |
| Koha item type | MUSICASSETTE |
| Source of classification or shelving scheme | Dewey Decimal Classification |
| Withdrawn status | Lost status | Damaged status | Not for loan | Home library | Current library | Date acquired | Total Checkouts | Full call number | Date last seen | Price effective from | Koha item type | Public note |
|---|---|---|---|---|---|---|---|---|---|---|---|---|
| Buone Condizioni | Not For Loan | SPICS-MEDIATECA | SPICS-MEDIATECA | 25/10/2013 | D2708 | 25/10/2013 | 25/10/2013 | MUSICASSETTE | Progr. Ins.: 1883 / N.Vol.: 1 / Copie: 1 - Copia rara: n.d. / date import: 01.01.2014 - By Epidotti, Trombetti, Vaglietti |